00864nam a22001817a 450000500170000000800410001702000180005805000240007610000280010024500650012825000290019326000330022230000180025550400380027350503260031165000260063765000190066320231102151903.0151214s2015 mx |||| |||| 00| 0 spa d a9786070913747 aHV6250.25 M373 2015 aMarchiori, Hildadautor aCriminologíab: la víctima del delitoc/ Hilda Marchiori a10a. ediciónbampliada aMéxicob: Porrúac, 2015 a308 páginas 6Incluye Bibliografía pp.287-301 aLa víctima del delito Estudios victimológicos Delito y víctima Relación autor-víctima del delito Respuestas ente los procesos de victimización. Víctima y administración de justicia Víctimas de la trata de personas Víctimas de abuso del poder Consideraciones en la asistencia victimológica Documentos14aVÍCTIMAS DE DELITOS24aCRIMINOLOGÍA